Vencedores da Copa Libertadores - Statistics

Estatísticas Gerais
  • Esse quiz foi jogado 144 vezes
  • A pontuação média é 22 de 60
Estatísticas das Respostas
Hint Resposta % Correto
2023 Fluminense
96%
2022 Flamengo
89%
2021 Palmeiras
89%
2020 Palmeiras
89%
2019 Flamengo
88%
2018 River Plate
86%
2017 Gremio
83%
2016 Atletico Nacional
74%
2024 Botafogo
74%
2015 River Plate
73%
2014 San Lorenzo
71%
2012 Corinthians
62%
2011 Santos
60%
2010 Internacional
56%
2009 Estudiantes
48%
2005 Sao Paulo
48%
2006 Internacional
42%
2007 Boca Juniors
41%
2004 Once Caldas
41%
2003 Boca Juniors
39%
1999 Palmeiras
37%
1981 Flamengo
36%
1997 Cruzeiro
35%
2000 Boca Juniors
34%
1998 Vasco da Gama
34%
2001 Boca Juniors
33%
2002 Olimpia
32%
1993 Sao Paulo
30%
1992 Sao Paulo
30%
1983 Gremio
25%
1965 Independiente
24%
1966 Penarol
22%
1996 River Plate
22%
1994 Velez Sarsfield
22%
1968 Estudiantes
20%
1995 Gremio
20%
1973 Independiente
20%
1972 Independiente
20%
1970 Estudiantes
19%
1975 Independiente
19%
1974 Independiente
19%
1976 Cruzeiro
18%
1969 Estudiantes
18%
1980 Nacional
18%
1982 Penarol
18%
1991 Colo-Colo
17%
1984 Independiente
17%
1978 Boca Juniors
15%
1977 Boca Juniors
15%
1971 Nacional
15%
1967 Racing
15%
2008 LDU Quito
14%
1988 Nacional
14%
1987 Penarol
14%
1985 Argentinos Juniors
13%
1989 Atletico Nacional
13%
1990 Olimpia
13%
1979 Olimpia
13%
1986 River Plate
12%
2013 Atletico Minero
8%
Nenhum quiz correspondente encontrado
Distribuição das Pontuações
Porcentagem de Pessoas com Cada Pontuação
Percentil de Números Respondidos
Sua Pontuação Histórica
Você não jogou esse quiz